Wonder Shawn Mendes - Statistics

General Stats
  • This quiz has been taken 114 times
  • The average score is 10 of 14
Answer Stats
WONDER % Correct
Wonder
99%
Dream
81%
Higher
79%
Intro
79%
305
78%
24 Hours
76%
Monster
76%
Call My Friends
75%
Teach Me How To Love
74%
Look Up At The Stars
65%
Always Been You
64%
Song For No One
64%
Cant Imagine
61%
Piece Of You
61%
No matching quizzes found
Score Distribution
Percent of People with Each Score
Percentile by Number Answered
Your Score History
You have not taken this quiz